<?xml version="1.0" encoding="UTF-8"?>
<record
    xmlns:xsi="http://www.w3.org/2001/XMLSchema-instance"
    xsi:schemaLocation="http://www.loc.gov/MARC21/slim http://www.loc.gov/standards/marcxml/schema/MARC21slim.xsd"
    xmlns="http://www.loc.gov/MARC21/slim">

  <leader>05025cam a2200493 i 4500</leader>
  <controlfield tag="001">22832173</controlfield>
  <controlfield tag="003">CSPC</controlfield>
  <controlfield tag="005">20260318160657.0</controlfield>
  <controlfield tag="008">221014s2024    maua     b    001 0 eng  </controlfield>
  <datafield tag="010" ind1=" " ind2=" ">
    <subfield code="a">  2022050000</subfield>
  </datafield>
  <datafield tag="020" ind1=" " ind2=" ">
    <subfield code="a">9781284250565</subfield>
    <subfield code="q">(hardcover)</subfield>
  </datafield>
  <datafield tag="035" ind1=" " ind2=" ">
    <subfield code="a">22832173</subfield>
  </datafield>
  <datafield tag="040" ind1=" " ind2=" ">
    <subfield code="a">DNLM/DLC</subfield>
    <subfield code="b">eng</subfield>
    <subfield code="e">rda</subfield>
    <subfield code="c">DLC</subfield>
    <subfield code="d">DLC</subfield>
    <subfield code="d">CSPC</subfield>
  </datafield>
  <datafield tag="042" ind1=" " ind2=" ">
    <subfield code="a">pcc</subfield>
  </datafield>
  <datafield tag="050" ind1="0" ind2="0">
    <subfield code="a">RG950</subfield>
    <subfield code="b">.V37 2024</subfield>
  </datafield>
  <datafield tag="060" ind1="0" ind2="0">
    <subfield code="a">WY 157</subfield>
  </datafield>
  <datafield tag="082" ind1="0" ind2="0">
    <subfield code="a">618.2</subfield>
    <subfield code="b">V431</subfield>
    <subfield code="2">23/eng/20230429</subfield>
  </datafield>
  <datafield tag="084" ind1=" " ind2=" ">
    <subfield code="a">MED058120</subfield>
    <subfield code="2">bisacsh</subfield>
  </datafield>
  <datafield tag="245" ind1="0" ind2="0">
    <subfield code="a">Varney's midwifery /</subfield>
    <subfield code="c">edited by Julia Phillippi and Ira Kantrowitz-Gordon.</subfield>
  </datafield>
  <datafield tag="246" ind1="1" ind2=" ">
    <subfield code="a">Midwifery</subfield>
  </datafield>
  <datafield tag="250" ind1=" " ind2=" ">
    <subfield code="a">Seventh edition.</subfield>
  </datafield>
  <datafield tag="264" ind1=" " ind2="1">
    <subfield code="a">Burlington, Massachusetts :</subfield>
    <subfield code="b">Jones &amp; Bartlett Learning,</subfield>
    <subfield code="c">2024.</subfield>
  </datafield>
  <datafield tag="300" ind1=" " ind2=" ">
    <subfield code="a">xli, 1687 pages :</subfield>
    <subfield code="b">illustrations ;</subfield>
    <subfield code="c">28 cm.</subfield>
  </datafield>
  <datafield tag="336" ind1=" " ind2=" ">
    <subfield code="a">text</subfield>
    <subfield code="b">txt</subfield>
    <subfield code="2">rdacontent</subfield>
  </datafield>
  <datafield tag="337" ind1=" " ind2=" ">
    <subfield code="a">unmediated</subfield>
    <subfield code="b">n</subfield>
    <subfield code="2">rdamedia</subfield>
  </datafield>
  <datafield tag="338" ind1=" " ind2=" ">
    <subfield code="a">volume</subfield>
    <subfield code="b">nc</subfield>
    <subfield code="2">rdacarrier</subfield>
  </datafield>
  <datafield tag="504" ind1=" " ind2=" ">
    <subfield code="a">Includes bibliographical references and index.</subfield>
  </datafield>
  <datafield tag="505" ind1="0" ind2=" ">
    <subfield code="a">Part I. Midwifery -- Context of individuals seeking midwifery care -- Professional foundations of midwifery -- Part II. Primary care -- An introduction to sexual, reproductive, and primary care -- Health promotion across the lifespan -- Common conditions in primary care -- Nutrition -- Mental health conditions -- Part III. Sexual, gynecologic, and reproductive health care -- Anatomy and physiology of the reproductive health care -- Anatomy and physiology of the reproductive system -- Sexuality -- Fertility, family building, and contraception -- Nonhormonal contraception -- Hormonal contraception -- Gender-affirming care -- Menopause -- Menstrual cycle abnormalities -- Malignant and chronic gynecologic disorders -- Breast and chest conditions -- Reproductive tract and sexually transmitted infections -- Part IV. Antepartum -- Anatomy and physiology of pregnancy -- Assessment for genetic and fetal abnormalities -- Prenatal care -- Early pregnancy loss and abortion care -- Pregnancy-related Conditions -- Medical complications in pregnancy -- Part V. Intrapartum -- Anatomy and physiology of labor and birth -- First stage of labor -- Fetal assessment during labor -- Support during labor -- Second stage of labor and birth -- Complications during labor and birth -- Third stage of labor -- Birth in the home and birth center -- Part VI. Postpartum -- Anatomy and physiology of postpartum -- Postpartum care -- Postpartum complications -- Part VII. Newborn -- Anatomy and physiology of the newborn -- Infant feeding and lactation -- Physical assessment of the newborn -- Neonatal care -- Appendix A. Chapter alignment with ACNM core competencies and ICM essential competencies.</subfield>
  </datafield>
  <datafield tag="520" ind1=" " ind2=" ">
    <subfield code="a">"Varney's Midwifery reflects current evidence-based guidelines. The Seventh Edition addresses care of women throughout the lifespan, including primary care, gynecology, maternity care in a variety of settings, and newborn care. It also provides new content on social determinants of health, the changing face of the population, and the population that midwives serve. It is known as the gold standard for midwifery practice"--</subfield>
    <subfield code="c">Provided by publisher.</subfield>
  </datafield>
  <datafield tag="520" ind1=" " ind2=" ">
    <subfield code="a">"Varney's Midwifery, Seventh Edition is the gold standard for midwifery practice. This text reflects current evidence-based guidelines and addresses care of women throughout the lifespan, including primary care, gynecology, maternity care in a variety of settings, and newborn care. It also provides content on social determinants of health, the changing face of the population, and the population that midwives serve.With chapters written by expert midwives with an emphasis on anatomy, physiology, and normal physiologic processes, this text will assist students and midwives in providing healthcare services today. Chapter appendices present essential skills that are designed to help students, midwives, and international readers learn skills that are core components of midwifery practice. These critical skills are evidence-based and include insertion of contraceptive devices, hand maneuvers for birth, management of a fetus in a breech presentation, and steps for managing postpartum hemorrhage"--</subfield>
    <subfield code="c">Provided by publisher.</subfield>
  </datafield>
  <datafield tag="650" ind1="1" ind2="2">
    <subfield code="a">Midwifery.</subfield>
  </datafield>
  <datafield tag="650" ind1="1" ind2="2">
    <subfield code="a">Nurse midwives.</subfield>
  </datafield>
  <datafield tag="650" ind1="2" ind2="2">
    <subfield code="a">Obstetric nursing.</subfield>
  </datafield>
  <datafield tag="650" ind1="2" ind2="2">
    <subfield code="a">Pregnancy.</subfield>
  </datafield>
  <datafield tag="650" ind1="2" ind2="2">
    <subfield code="a">Pregnancy complications.</subfield>
  </datafield>
  <datafield tag="650" ind1=" " ind2="7">
    <subfield code="a">MEDICAL / Nursing / Maternity, Perinatal, Women's Health</subfield>
    <subfield code="2">bisacsh</subfield>
  </datafield>
  <datafield tag="700" ind1="1" ind2=" ">
    <subfield code="a">Phillippi, Julia,</subfield>
    <subfield code="e">editor.</subfield>
  </datafield>
  <datafield tag="700" ind1="1" ind2=" ">
    <subfield code="a">Kantrowitz-Gordon, Ira,</subfield>
    <subfield code="d">1968-</subfield>
    <subfield code="e">editor.</subfield>
  </datafield>
  <datafield tag="776" ind1="0" ind2="8">
    <subfield code="i">Online version:</subfield>
    <subfield code="t">Varney's midwifery</subfield>
    <subfield code="b">Seventh edition.</subfield>
    <subfield code="d">Burlington, MA : Jones &amp; Bartlett Learning, [2024]</subfield>
    <subfield code="z">9781284250572</subfield>
    <subfield code="w">(DLC) 2022050001</subfield>
  </datafield>
  <datafield tag="906" ind1=" " ind2=" ">
    <subfield code="a">7</subfield>
    <subfield code="b">cbc</subfield>
    <subfield code="c">orignew</subfield>
    <subfield code="d">1</subfield>
    <subfield code="e">ecip</subfield>
    <subfield code="f">20</subfield>
    <subfield code="g">y-gencatlg</subfield>
  </datafield>
  <datafield tag="942" ind1=" " ind2=" ">
    <subfield code="2">ddc</subfield>
    <subfield code="c">BK</subfield>
    <subfield code="e">23</subfield>
    <subfield code="h">618.2</subfield>
    <subfield code="i">V431</subfield>
    <subfield code="k">NUR</subfield>
    <subfield code="m">2024</subfield>
    <subfield code="n">0</subfield>
  </datafield>
  <datafield tag="952" ind1=" " ind2=" ">
    <subfield code="0">0</subfield>
    <subfield code="1">0</subfield>
    <subfield code="2">ddc</subfield>
    <subfield code="4">0</subfield>
    <subfield code="7">0</subfield>
    <subfield code="a">CSPC</subfield>
    <subfield code="b">CSPC</subfield>
    <subfield code="c">NUR</subfield>
    <subfield code="d">2026-03-18</subfield>
    <subfield code="l">0</subfield>
    <subfield code="o">NUR 618.2 V431 2024</subfield>
    <subfield code="p">031457</subfield>
    <subfield code="r">2026-03-18 09:56:55</subfield>
    <subfield code="t">1-1</subfield>
    <subfield code="w">2026-03-18</subfield>
    <subfield code="y">BK</subfield>
  </datafield>
  <datafield tag="999" ind1=" " ind2=" ">
    <subfield code="c">32081</subfield>
    <subfield code="d">32081</subfield>
  </datafield>
</record>
